000
00249 a2200097 4500
001
29774
100
_a
Matsch
245
_a
Electromagnetic & electromechanical machines v 44: 2nd
260
_a
_b
Thomas and Cravell Co.
_c
090
_c
19791
_d
19791
942
_a
NUST-CAE
_c
M
_c
10881
999
_c
264847
_d
264847